Strojárska ročenka 1990

Na minha lista:
Detalhes bibliográficos
Formato: Livro
Idioma:eslovaco
Publicado em: Bratislava Alfa 1989
Edição:1. vyd.
Colecção:Edícia strojárskej literatúry
Tags: Adicionar Tag
Sem tags, seja o primeiro a adicionar uma tag!

MARC

LEADER 00000nam a2200000 4500
001 c028129
005 20221128074007.9
041 0 |a slo 
044 |a SK 
245 1 0 |a Strojárska ročenka 1990 
250 |a 1. vyd. 
264 1 |a Bratislava  |b Alfa  |c 1989 
300 |a 355 s. 
490 1 |a Edícia strojárskej literatúry 
830 0 |a Edícia strojárskej literatúry